| 000 | 00597nam a2200205Ia 4500 | ||
|---|---|---|---|
| 005 | 20250508170137.0 | ||
| 008 | 008 250505s9999 xx 000 0 eng d | ||
| 020 | _a978-81-246-0555-4 | ||
| 037 | _aTextBook | ||
| 040 |
_aFEDL _beng _cFEDL |
||
| 041 |
_aeng _2eng |
||
| 084 |
_a181.4, SHA?R _qFEDL |
||
| 100 |
_aShastri L C _9776770 |
||
| 245 | 0 | _aIndian philosophy of knowledge: A comparative study | |
| 260 |
_aNew Delhi, India _bGlobal Vision Publishing House _c2018 |
||
| 300 | _aiv, 210p. | ||
| 365 |
_aINR _b950 |
||
| 942 |
_cTB _h181.4, SHA?R |
||
| 999 |
_c1399440 _d1399440 |
||